Представление документа в формате RUSMARC

ПолеНазваниеЗначение
  Тип записи a
  Библиографический уровень m
001 Контрольный номер bb570fd1cfaf41d9b49f35e825167118
005 Дата корректировки 20201206205136.3
010 Индекс ISBN __
a ISBN 978-5-9775-3688-2 (в пер.)
d Цена 749-00, 2000 экз.
100 Данные общей обработки __
a Данные общей обработки 19180628d2018||||||| 0rusy0189 ca
101 Язык документа 0_
a Язык текста rus
102 Страна публикации __
a Страна публикации ru|
105 Кодированные данные (монография) __
a Кодированные данные (монография) a|||e|||000zy
200 Заглавие и сведения об ответственности 1_
a Заглавие Танцы
e Сведения, относящиеся к заглавию мини-энциклопедия для детей : рассказы о танцах разных народов и времен : [для детей младшего и среднего школьного возраста]
f Первые сведения об ответственности Наталья Александрова ; художник Анна Опарина
b Общее обозначение материала Текст
210 Выходные данные __
a Место издания Санкт-Петербург
c Издательство БХВ-Петербург
d Дата издания 2018
215 Физическое описание __
a Объем 86, [1] с.
c Иллюстрации/тип воспроизводства цв. ил.
d Формат 25 см
225 Серия __
a Серия Познавательные истории
330 Аннотация __
a Аннотация Эта книга - иллюстрированная мини-энциклопедия, на страницах которой дети совершат путешествие по миру, изучая народные танцы, и путешествие во времени, знакомясь со старинными и бальными танцами.
517 Другие варианты заглавия __
a Другие варианты заглавия Рассказы о танцах разных народов и времен
606 Тематические рубрики __
a Основная рубрика Музыка и зрелищные искусства
606 Тематические рубрики __
a Основная рубрика Виды танца в целом
610 Ключевые слова __
a Ключевые слова бальный танец
a Ключевые слова вальс
a Ключевые слова детская литература
a Ключевые слова джайв
a Ключевые слова кадриль
a Ключевые слова квикстеп
a Ключевые слова мазурка
a Ключевые слова народные танцы
a Ключевые слова пасодобль
a Ключевые слова познавательная литература
a Ключевые слова полонез
a Ключевые слова полька
a Ключевые слова русская пляска
a Ключевые слова самба
a Ключевые слова спортивные танцы
a Ключевые слова старинные танцы
a Ключевые слова танго
a Ключевые слова танцы
a Ключевые слова тарантелла
a Ключевые слова фокстрот
a Ключевые слова хореография
a Ключевые слова ча-ча-ча
a Ключевые слова эстрадные танцы
a Ключевые слова яблочко (танец)
686 Индексы других классификаций __
2 Код системы rubbks
a Классификационный индекс мл85я2
700 Автор _1
a Фамилия Александрова
b Имя Н. А.
g Полное личное имя Наталья Анатольевна
4 Код отношения 070
702 Вторичная интеллектуальная ответственность _1
a Фамилия Опарина
b Имя А.
4 Код отношения Художник
4 Код отношения 040
801 Источник записи _0
a Страна ru
b Организация Муниципальное бюджетное учреждение культуры "Централизованная библиотечная система" г. Сургут (Центральная городская библиотека им. А. С. Пушкина)
c Дата составления 20180628
g Правила каталогизации rpk
801 Источник записи _1
a Страна ru
b Организация Муниципальное бюджетное учреждение культуры "Централизованная библиотечная система" г. Сургут (Центральная городская библиотека им. А. С. Пушкина)
c Дата составления 20180628
g Правила каталогизации rpk
852 Данные о местонахождении __
j Шифр хранения мл85я2
i Авторский знак А 46
901 Тип документа __
t Тип документа m
a Ответственный КиК/Котельникова
903 Характеристики (МАРС) __
a Дата передачи 20180628
969 Тип издания __
a Тип издания издание для детей; энциклопедия
990 Данные о заказе (DOS) __
j Количество экземпляров (DOS) 2
t N записи в КСУ для И/У (DOS) 201807